• 首页
  • 本馆介绍
  • 公告通知
  • 最新文献
  • 馆藏检索
  • 电子资源
  • 读者导购
  • 参考咨询
  • 我的图书馆
  • 登录
  • 详细信息显示
  • 放入我的书架
  • 预约/预借图书
  • 作者相关作品
  • 分类相关作品
  • 丛书相关作品
  • 出版社相关作品

书目信息

  • 表格格式
  • 工作单格式
  • 卡片格式
题名:
抛物型方程差分方法引论
    
 
作者: 李德元 , 陈光南 著
分册:  
出版信息: 北京   科学出版社  1995
页数: 297页
开本: 20cm
丛书名: 中国工程物理研究院科技丛书
单 册:
中图分类: O241.82
科图分类:
主题词: 差分法-抛物型方程 , 抛物型方程-差分法
电子资源:
ISBN: 7-03-004669-2
000 00794nam2 2200253 45
001 0196027368
005 20070727170002.96
010    @a7-03-004669-2@dCNY25.00
100    @a19960723d1995 emky0chiy0121 ea
101 0  @achi
102    @aCN@b110000
105    @ay z 000yy
200 10 @a抛物型方程差分方法引论@APAO WU XING FANG CHENG CHA FEN FANG FA YIN LUN@f李德元,陈光南著@FLI DE YUAN , CHEN GUANG NAN ZHU
210    @a北京@c科学出版社@d1995
215    @a297页@d20cm
225 2  @a中国工程物理研究院科技丛书@v016
410  0 @120010@a中国工程物理研究院科技丛书
606    @a差分法-抛物型方程
606    @a抛物型方程-差分法
690    @aO241.82@v4
701  0 @a李德元@ALI DE YUAN@4著
701  0 @a陈光南@ACHEN GUANG NAN@4著
801  0 @aCN@bTSSF@c20070727
905    @a10447@dO241.82@e155
    
    抛物型方程差分方法引论/李德元,陈光南著.-北京:科学出版社,1995
    297页;20cm.-(中国工程物理研究院科技丛书;016)
    
    
    ISBN 7-03-004669-2:CNY25.00
    
●
相关链接 在E读中查询图书 在五车中查询图书 在当当中查询图书 在豆瓣中查询图书


正题名:抛物型方程差分方法引论     索取号:O241.82/155         预约/预借

序号 登录号 条形码 馆藏地/架位号 状态 备注
1 0785340   207853401   第二样本阅览室/ [索取号:O241.82/155] 在馆    
2 0785341   207853410   第三借阅区/ [索取号:O241.82/155] 在馆    
3 0785342   207853429   第三借阅区/ [索取号:O241.82/155] 在馆    
4 0785343   207853438   第三借阅区/ [索取号:O241.82/155] 在馆    
5 0785344   207853447   第三借阅区/ [索取号:O241.82/155] 在馆    
唐山师范学院图书馆 欢迎您!
大连网信软件有限公司© 版权所有